Innervations des membres inférieurs - Statistiques

Statistiques générales
  • Ce quiz a été pris 35 fois
  • Le résultat moyen est 7 sur 38
Statistiques - réponses
Hint Réponse % Correct
Grand fessier Glutéal inférieur
78%
Quadriceps fémoral Fémoral
67%
Sartorius Fémoral
67%
Long et court adducteur Obturateur
56%
Gracile Obturateur
56%
Long fibulaire Fibulaire superficiel
44%
Court fibulaire Fibulaire superficiel
44%
Moyen glutéal Glutéal supérieur
44%
Petit glutéal Glutéal supérieur
44%
Pectiné Obturateur
44%
Long extenseur des orteils Fibulaire profond
33%
Long extensor de l'hallux Fibulaire profond
33%
Tibial antérieur Fibulaire profond
33%
Semi-membraneux Ischiadicus
11%
Semi-tendineux Ischiadicus
11%
Biceps fémoral Ischiadicus
11%
Gastrocnémien Tibial (branche ischiadicus)
11%
Soléaire Tibial (branche ischiadicus)
11%
Long fléchisseur des orteils Tibial (branche ischiadicus)
11%
Long fléchisseur de l'hallux Tibial (branche ischiadicus)
11%
Tibial postérieur Tibial (branche ischiadicus)
11%
Ilio-psoas Branche du plexus lombaire
0%
Piriforme Nerfs du plexus sacral
0%
Jumeau Nerfs du plexus sacral
0%
Obturateur interne Nerfs du plexus sacral
0%
Carré fémoral Nerfs du plexus sacral
0%
Interosseux dorsales Plantaire latéral
0%
Court fléchisseur des orteils Plantaire latéral
0%
Abducteur du petit orteil Plantaire latéral
0%
Carré plantaire Plantaire latéral
0%
Lombricaux Plantaire latéral
0%
Court fléchisseur du petit orteil Plantaire latéral
0%
Adducteur de l'hallux Plantaire latéral
0%
Interosseux plantaires Plantaire latéral
0%
Abducteur de l'hallux Plantaire median
0%
Court fléchisseur de l'hallux Plantaire median
0%
Court extenseur des orteils Tibial profond
0%
Court extenseur de l'hallux Tibial profond
0%
Aucun quiz correspondant
Distribution des résultats
% des personnes avec chaque résultat
Percentile par nombre de réponses
Votre historique - résultats
Vous n’avez pas pris ce quiz